NBA Player with the Most RINGS - Statistics

General Stats
  • This quiz has been taken 524 times
  • The average score is 6 of 15
Answer Stats
Hint Answer % Correct
11 Bill Russell
97%
6 Michael Jordan
83%
6 Scottie Pippen
64%
5 Kobe Bryant
61%
7 Robert Horry
56%
6 Bob Cousy
51%
5 Magic Johnson
47%
6 Kareem Abdul-Jabbar
45%
8 John Havlicek
43%
10 Sam Jones
41%
8 K.C. Jones
21%
8 Tom Heinsohn
13%
7 Frank Ramsey
5%
8 Tom Sanders
5%
7 Jim Loscutoff
4%
No matching quizzes found
Score Distribution
Percent of People with Each Score
Percentile by Number Answered
Your Score History
You have not taken this quiz